Дело о службе состоявшего в ведомстве Театральной дирекции в числе часовых при доме, умершего отставного унтер-офицера Бахтемира...

Доступно только в Электронных читальных залах Найти на картеНа карте
RUSMARC
00003814nmc2a22000003x 450
001c1c887f4-0aba-43fc-82be-ba86a807752c
00520181226141002.0
100##$a20170629l18481848k l0rusy0189 ca
1010#$arus
102##$aRU
2001#$aДело о службе состоявшего в ведомстве Театральной дирекции в числе часовых при доме, умершего отставного унтер-офицера Бахтемира Бинмурзин
$j22 июля - 26 сентября 1848 г.
251##$cДело
300##$aПо Санкт-Петербургской дирекции за 1848 год
300##$aДело
801#0$aRU
$bРГИА
$c20170629
$gRCR
801#1$aRU
$bГлавНИВЦ
$c20170629
$2rusmarc
801#2$aRU
$bПБ им. Б.Н. Ельцина
$c20181226
$gRCR
$2rusmarc
850##$aРГИА
852##$aРГИА
$eФедеральное казенное учреждение "Российский государственный исторический архив" (РГИА)
$j11539
937##$hРГИА
$d12247666
$aASBIBLIO_SCAN
462#0$1001dd3991dc-24e1-42ec-8838-ca4255420416
$12001
$aДирекция императорских театров (1746-1850 гг.)
$1251
$cОпись
$1852
$j1
461#0$10019264ebf8-de62-4f1a-9eb4-9f22098dbbd5
$12001
$aДирекция императорских театров Министерства императорского двора
$1251
$cФонд
$1852
$j497
215##$a21 л.
$d36,5х26 см
371##$aДокумент не является опубликованным и широко распространяемым
105##$ay###
1222#$ad
035##$ac1c887f4-0aba-43fc-82be-ba86a807752c
856##$uhttp://readingroom.main.prlib.ru/item.aspx?id_node=n122440117&mode=full
Формат отображения